| 000 | 00475nam a2200193Ia 4500 | ||
|---|---|---|---|
| 005 | 20250423100632.0 | ||
| 008 | 250422s9999 xx 000 0 und d | ||
| 020 | _a0-13-144292-9 | ||
| 050 | _aHB 171 .5 .C3123/ | ||
| 100 | _aCase, Karl E. | ||
| 245 | 0 | _aPrinciples of microeconomics : case and fair(test item file 3) | |
| 250 | _a7th ed. | ||
| 260 | _aNew Jersey | ||
| 260 | _b Pearson | ||
| 260 | _c2004 | ||
| 300 | _a298 p | ||
| 650 | _aEconomics. | ||
| 942 | _cBK | ||
| 999 |
_c33902 _d33902 |
||